000 00478nab a2200145Ia 4500
003 ES-SlBCS
005 20210601135732.0
008 140529s1971 xxu||||| |||| 00| 0 spa d
041 _aspa
100 1 _aDross, Reinhard
_9236063
245 0 0 _aEsfuerzos recientes de democratización en el protestantismo alemán
_c Reinhard Dross
650 0 4 _aDemocratización-Protestantismo Alemán
_9236064
773 0 _tConcilium
_gvol. 1, nº. 63, 1971, págs. 450-456
_wRev134
942 _cAR
999 _c633148
_d633148